000 00884 a2200229 4500
005 20260323103004.0
008 260323b |||||||| |||| 00| 0 eng d
020 _a9789349159792 (hbk)
037 _cTB
040 _aAL
_cAL
041 _2hin
_ahin
084 _aO152,3:g R5
_qAL
100 _aराय, गोपाल
_9860979
245 _aअज्ञेय और उनके उपन्यास
260 _aदिल्ली, भारत:
_bराधाकृष्ण प्रकाशन,
_c2025.
300 _a199पृ.
365 _b695.00
_cINR
650 _aहिन्दी कहानी
650 _aहिन्दी साहित्य
942 _cTB
_2CC
_hO152,3:g R5
999 _c1466774
_d1466774